| 000 | 00560nam a2200157 a 4500 | ||
|---|---|---|---|
| 008 | 120416s1963 ||||||||||||||||| || u | ||
| 050 | _aQA 432 Car | ||
| 100 | _aCarslaw, Horatio Scott | ||
| 245 | 1 | 0 | _aOperational methods in applied mathematics |
| 260 |
_aNew York _bDover _c1963 |
||
| 300 | _axvi, 359p. | ||
| 350 | _a0.00 | ||
| 650 | _aCACULUS,OPERATIONAL | ||
| 650 | 0 | _aMATHEMATICS--HANDBOOKS, MANUALS, ETC | |
| 995 |
_D0.00 _FCBU-MAIN LIBRARY (Kitwe) _H1 _I1.96 _M1 _UDAMAGED _ZMain Library Open Access Collection |
||
| 999 |
_c52651 _d52651 |
||